000
00290nam a22001097a 4500
082
_a
954/DEE
100
_a
Deepak.J Sai
_9
83271
245
_a
India That Is Bharat
_b
Coloniality,Civilisation,Constitution
260
_a
New Delhi
_b
Bloomsbury Publishing
_c
2021
650
_a
HIstory
942
_c
BK
999
_c
68117
_d
68117